000 00617nam a2200169Ia 4500
008 090711s9999 xx 000 0 und d
082 _b67728
100 _aतेंडुलकर प्रिया
245 _aजन्मलेल्या प्रत्येकाला
260 _c1991
300 _a172
600 _aतेंडुलकर प्रिया
630 _aजन्मलेल्या प्रत्येकाला
700 _aतेंडुलकर प्रिया
730 _aजन्मलेल्या प्रत्येकाला
942 _cBOOK
999 _c310964
_d310964